Statistiques concernant Organismes et agences europénnes à localiser

Cliquez ici pour prendre le quiz!

Statistiques générales

  • Ce quiz a été pris 12 fois
  • Le résultat moyen est 59 sur 76

Statistiques - réponses

Organisme
PaysVille d'installation% Correct
SNS JU Entreprise commune «Réseaux et services intelligents»BBruxelles
100%
CPPA Autorité pour les partis politiques européensBBruxelles
100%
EPSO Service qui fournit des procédures pour la sélection du personnelBBruxelles
100%
AED Agence de la politique étrangère et de sécurité communeBBruxelles
100%
EISMEA Agence pour l'innovationBBruxelles
100%
HADEA Agence exécutive européenne pour la santé et le numériqueBBruxelles
100%
EEA École européenne d’administrationBBruxelles
100%
IHI Entreprise commune «Initiative en matière de santé innovante»BBruxelles
100%
EDPB Comité européen de la protection des donnéesBBruxelles
100%
KDT JU Entreprise commune «Technologies numériques clés»BBruxelles
100%
PE Parlement EuropéenBBruxelles
100%
EACEA Agence exécutive européenne pour l’éducation et la cultureBBruxelles
100%
ERCEA Agence exécutive du Conseil européen de la rechercheBBruxelles
100%
CRU Conseil de résolution uniqueBBruxelles
100%
REA Agence exécutive pour la rechercheBBruxelles
100%
CUE Conseil de l'Union EuropéenneBBruxelles
100%
CINEA Agence exécutive européenne pour le climaBBruxelles
100%
SESAR 3 Entreprise commune qui utilise la recherche et l'innovation pour moderniser le système européen de gestion du trafic aérienBBruxelles
100%
CA Entreprise commune «Aviation propre»BBruxelles
100%
CBE Entreprise commune «Une Europe fondée sur la bioéconomie circulaire»BBruxelles
100%
CDR Comité des régionsBBruxelles
100%
CE Commission européenneBBruxelles
100%
CE Conseil européenBBruxelles
100%
ER Entreprise commune «Système ferroviaire européen»BBruxelles
100%
CHP Entreprise commune «Hydrogène propre»BBruxelles
100%
SEAE Service européen pour l’action extérieureBBruxelles
100%
CERT-UE Service qui intervient en cas d'incidents liés à la sécurité de l’information et aux cybermenacesBBruxelles
100%
CESE Comité économique et social européenBBruxelles
100%
CEPD Contrôleur européen de la protection des donnéesBBruxelles
100%
EUISS Institut d’études de sécurité de l’Union européenneFParis
100%
ESMA Autorité européenne des marchés financiersFParis
100%
BCE Banque Centrale EuropéenneAFrancfort
90%
EIOPA Autorité européenne des assurances et des pensions professionnellesAFrancfort
90%
PE Parquet EuropéenLLuxembourg
90%
ESA Agence d’approvisionnement d’EuratomLLuxembourg
90%
EIB Banque pour le climatLLuxembourg
90%
EUROHPC Entreprise commune pour le calcul à haute performance européenLLuxembourg
90%
CCE Cours des Comptes européenneLLuxembourg
90%
CJUE Cour de justice de l’Union européenneLLuxembourg
90%
OPUE Office des publications de l’Union européenneLLuxembourg
90%
CDT Centre de traduction des organesLLuxembourg
90%
CSUE Centre satellitaire de l’Union européenneEMadrid
90%
ME Médiateur européenFStrasbourg
90%
EMA Agence européenne des médicamentsPAmsterdam
80%
ENISA Agence de l’Union européenne pour la cybersécuritéGAthènes
80%
EIT Institut européen d’innovation et de technologieHBudapest
80%
CEPOL Agence pour la formation des services répressifsHBudapest
80%
EEA Agence européenne pour l’environnementDCopenhague
80%
ECHA Agence européenne des produits chimiquesFHelsinki
80%
OEDT Agence qui fournit à l’UE des informations indépendantes sur les drogues et la toxicomaniePLisbonne
80%
EMSA Agence européenne pour la sécurité maritimePLisbonne
80%
F4E Fusion for Energy gère la contribution de l’UE au projet ITER de recherche sur la fusionEBarcelone
70%
EUROFOUND Fondation pour l'amélioration des conditions de vie et de travailIDublin
70%
FRONTEX Agence qui aide les pays de l’UE à gérer leurs frontières extérieuresPVarsovie
70%
FRA Agence des droits fondamentaux de l’Union européenneAVienne
70%
ACER Agence pour la coopération des régulateurs de l’énergieSLjubljana
60%
ORECE Agence qui contribue à une application cohérente de la réglementation sur les communications électroniquesLRiga
60%
EU-LISA Agence européenne pour la gestion opérationnelle des systèmes d’information à grande échelleETallinn
60%
ETF Fondation européenne pour la formationITurin
60%
EIGE Institut européen pour l’égalité entre les hommes et les femmesLVilnius
60%
EUROPOL Agence qui soutient les services répressifs de l’UE dans la lutte contre les activités criminelles à grande échellePLa Haye
50%
EDCTP Entreprise commune pour la Santé mondialePLa Haye
50%
EUROJUST Agence qui soutient la coopération judiciaire au sein de l’UEPLa Haye
50%
EUAA Agence pour l'asileMLa Valette
50%
EUSPA Agence Européenne pour l'EspaceTPrague
50%
EU-OSHA Agence européenne pour la sécurité et la santé au travailEBilbao
40%
ELA Autorité européenne du TravailSBratislava
40%
EASA Agence européenne de la sécurité aérienneACologne
30%
CEDEFOP Agence d'aide aux besoins de formation professionnelleGThessalonique
30%
EUIPO Office de l’Union européenne pour la propriété intellectuelleEAlicante
20%
EFSA Autorité européenne de sécurité des alimentsIParme
20%
EFCA Agence européenne de contrôle des pêchesEVigo
20%
CPVO Office communautaire des variétés végétalesFAngers
10%
EBA Autorité bancaire européenneFCourbevoie
10%
ERA Agence de l’Union européenne pour les chemins de ferFValenciennes
10%
ECDC Centre européen de prévention et de contrôle des maladiesSSolna
0%

Distribution des résultats

Percentile par nombre de réponses

% des personnes avec chaque résultat

Votre développement - résultats

Vous n’avez pas pris ce quiz